Études d'histoire des sciences et d'histoire de la philosophie / (Record no. 78127)

MARC details
000 -LEADER
campo de control de longitud fija 00800nam a2200217 i 4500
001 - NÚMERO DE CONTROL
campo de control 78127
003 - IDENTIFICADOR DE NÚMERO DE CONTROL
campo de control ES-MaACL
005 - FECHA Y HORA DE LA ÚLTIMA TRANSACCIÓN
campo de control 20230906173543.0
007 - CAMPO FIJO DE DESCRIPCIÓN FÍSICA--INFORMACIÓN GENERAL
campo de control de longitud fija t|
008 - DATOS DE LONGITUD FIJA--INFORMACIÓN GENERAL
campo de control de longitud fija 041011s1908 fr ||||1| fre d
100 1# - ENTRADA PRINCIPAL--NOMBRE DE PERSONA
Nombre de persona Hannequin, Arthur.
9 (RLIN) 61738
245 10 - MENCIÓN DEL TÍTULO
Título Études d'histoire des sciences et d'histoire de la philosophie /
Mención de responsabilidad, etc. par A. Hannequin,... ; avec une préface de R. Thamin,... ; et une introduction de J. Grosjean.
260 ## - PUBLICACIÓN, DISTRIBUCIÓN, ETC.
Lugar de publicación, distribución, etc. Paris :
Nombre del editor, distribuidor, etc. Félix Alcan,
Fecha de publicación, distribución, etc. 1908 (
Fabricante Philippe Renouard)
300 ## - DESCRIPCIÓN FÍSICA
Extensión 2 v. (CI-264, II-326 p.) ;
Dimensiones 23 cm.
490 1# - MENCIÓN DE SERIE
Mención de serie Bibliothèque de philosophie contemporaine
700 1# - ENTRADA AGREGADA--NOMBRE PERSONAL
Nombre de persona Grosjean, J.
9 (RLIN) 60159
700 0# - ENTRADA AGREGADA--NOMBRE PERSONAL
Nombre de persona Thamin, Raymond.
9 (RLIN) 109863
830 0# - PUNTO DE ACCESO ADICIONAL DE SERIE-TÍTULO UNIFORME
Título uniforme Bibliothèque de philosophie contemporaine
9 (RLIN) 181027
852 ## - LOCALIZACIÓN
Ubicación ES-MaACL
Número de control de estantería B-6583-6584
Holdings
Estatus retirado Estado de pérdida Estado de daño No para préstamo Biblioteca de origen Biblioteca actual Ubicación en estantería Fecha de adquisición Fuente de adquisición Total de préstamos Signatura topográfica completa Código de barras Visto por última vez Precio de reemplazo Tipo de ítem Koha
        Biblioteca del Ateneo de Madrid Biblioteca del Ateneo de Madrid Sala Pardo Bazán 17/01/2008     B-6583-6584 1081730 23/02/2023 23/02/2023 Libro impreso